|
|
|
|
| LEADER |
00000nam0a2200000 4500 |
| 001 |
364396 |
| 005 |
20231102011702.0 |
| 035 |
|
|
|a (RuTPU)RU\TPU\retro\21754
|
| 090 |
|
|
|a 364396
|
| 100 |
|
|
|a 20211115d1981 k y0rusy50 ca
|
| 101 |
0 |
|
|a rus
|
| 102 |
|
|
|a KZ
|
| 105 |
|
|
|a a z 001zy
|
| 200 |
1 |
|
|a Методика исследования газово-жидких включений в минералах
|f В. А. Кормушин
|g Академия наук Казахской ССР, Институт геологических наук им. К. И. Сатпаева
|
| 210 |
|
|
|a Алма-Ата
|c Наука
|d 1981
|
| 215 |
|
|
|a 154 с.
|c ил.
|
| 317 |
|
|
|5 63413507: КР-7363
|a Поступил в НТБ в 2021 г. в дар от семьи профессора ТПУ Л. П. Рихванова
|
| 320 |
|
|
|a Библиогр.: с. 145-152
|
| 330 |
|
|
|a В книге приведены новые методы термобарогеохимии, даны теоретические основы метода термовакуумометрии, описчно устройство и методика исследования, газово-жидких включений в вакууме; освещены методы определения во включениях объемных соотношений фаз, оценки концентрации жидкой фазы и анализа газовой составляющей; рассмотрены устройства и приспособления к ним для исследования мелких газово-жидких включений под микроскопом при температуре от -195 до +600°С. Обсуждается возможность определения по газово-жидким включениям абсолютного возраста оруденения. Книга рассчитана на геохимиков, минералогов и геологов, занимающихся изучением эндогенного рудообразования.
|
| 606 |
1 |
|
|a Минералы
|x Включения
|x Исследование
|2 stltpush
|3 (RuTPU)RU\TPU\subj\72244
|9 85811
|
| 610 |
1 |
|
|a газовые включения
|
| 610 |
1 |
|
|a жидкие включения
|
| 610 |
1 |
|
|a термовлагометрический метод
|
| 610 |
1 |
|
|a конденсация
|
| 610 |
1 |
|
|a жидкие фазы
|
| 610 |
1 |
|
|a газовые составляющие
|
| 610 |
1 |
|
|a абсолютный возраст
|
| 610 |
1 |
|
|a оруденение
|
| 610 |
1 |
|
|a Библиотека Л. П. Рихванова
|
| 610 |
1 |
|
|a дары библиотеке
|
| 675 |
|
|
|a 549.08:548
|v 4
|
| 700 |
|
1 |
|a Кормушин
|b В. А.
|g Владимир Александрович
|
| 712 |
0 |
2 |
|a Академия наук Казахской ССР
|b Институт геологических наук им. К. И. Сатпаева
|c (Алма-Ата)
|2 stltpush
|3 (RuTPU)RU\TPU\col\5163
|9 24064
|
| 801 |
|
1 |
|a RU
|b 63413507
|c 20211115
|
| 801 |
|
2 |
|a RU
|b 63413507
|c 20220801
|g RCR
|
| 942 |
|
|
|c BK
|